Urdu Afsana: Fun, Hunar aur Mastani Tajziye/ (Record no. 614320)
[ view plain ]
| 000 -LEADER | |
|---|---|
| fixed length control field | 00638nam a22001817a 4500 |
| 020 ## - INTERNATIONAL STANDARD BOOK NUMBER | |
| International Standard Book Number | 978-969-562-452-4 |
| 082 ## - DEWEY DECIMAL CLASSIFICATION NUMBER | |
| Classification number | 891.4393 |
| Author Mark | FAR |
| 100 ## - MAIN ENTRY--PERSONAL NAME | |
| Personal name | Dr. Iqbal Afaqi |
| 245 ## - TITLE STATEMENT | |
| Title | Urdu Afsana: Fun, Hunar aur Mastani Tajziye/ |
| Statement of responsibility, etc. | Afaqi, Dr. Iqbal |
| 260 ## - PUBLICATION, DISTRIBUTION, ETC. | |
| Place of publication, distribution, etc. | Lahore: |
| Name of publisher, distributor, etc. | Fiction House, |
| Date of publication, distribution, etc. | 2012. |
| 300 ## - PHYSICAL DESCRIPTION | |
| Extent | 256 p. |
| Dimensions | 22cm. |
| 563 ## - BINDING INFORMATION | |
| Binding note | HB. |
| 650 ## - SUBJECT ADDED ENTRY--TOPICAL TERM | |
| Topical term or geographic name entry element | Urdu Literature - Afsanay. |
| 880 ## - ALTERNATE GRAPHIC REPRESENTATION | |
| Linkage | 100-01\(3\r |
| Title | ڈاکڑ اقبال آفاقی |
| 880 ## - ALTERNATE GRAPHIC REPRESENTATION | |
| Linkage | 245-02\(03\r |
| Title | اردو افسانہ: فن، ہنر اور مستنی تجزیے |
| 880 ## - ALTERNATE GRAPHIC REPRESENTATION | |
| Linkage | 260-03\(03\r |
| Title | لاہور: |
| b | فکشن ہاوس , |
| c | 2012. |
| 942 ## - ADDED ENTRY ELEMENTS (KOHA) | |
| Source of classification or shelving scheme | |
| Koha item type | Book |
| 650 ## - SUBJECT ADDED ENTRY--TOPICAL TERM | |
| -- | 129782 |
| Withdrawn status | Lost status | Source of classification or shelving scheme | Damaged status | Not for loan | Permanent Location | Current Location | Shelving location | Date acquired | Total Checkouts | Full call number | Barcode | Date last seen | Price effective from | Koha item type |
|---|---|---|---|---|---|---|---|---|---|---|---|---|---|---|
| Central Library (CL) | Central Library (CL) | Urdu Literature | 07/13/2025 | 891.4393 FAR | CL-D-2777 | 07/13/2025 | 07/13/2025 | Book |
